000 00256nam a2200097Ia 4500
001 643324
005 20250826153543.0
008 250824s9999 xx 000 0 und d
245 0 _aSİZ ADAMI ÖLMEKTEN GÜLDÜRÜRSÜNÜZ
_cMİNE SOTA
260 _bGENÇ TİMAŞ
999 _c643324
_d643324